01141 a2200241 45000010006000000050017000060080041000230030015000640400040000790800031001192450013001500200018001632500013001812640034001943000023002285050401002511000023006527000023006757000025006987000027007237000027007508560122007772317820260407155520.0260407a1983 arg spa dAR-UNSa-BCEJYS aAR-UNSa-BCEJYSbspacAR-UNSa-BCEJYS a330xEconomía en general10aEconomia a968-451-580-4 a11a. ed. 1aMéxico :bMcGraw-Hillc1983 axi, 986 p.c23 cm. a Parte I: Conceptos economicos basicos y renta mundial- Parte II: La determinación de la renta nacional y sus fluctuaciones - Parte III: La composicion y la fijación de los precios del producto nacional - Parte IV: Distribución de la renta: la fijación de los precios de los factores productivos - Parte V: Comercio y Finanzas internacionales - Parte VI: Problemas económicos actuales. 1 aSamuelson, Paul A.1 aSamuelson, William1 aGala Muñoz, Manuel1 aAzqueta Oyarzun, Diego1 aToharia Cortés, Luis41uhttps://biblioeco.unsa.edu.ar/pmb/images/libros/Economia 11ed (samuelson-nordhaus).jpgyImagen de portadaqimage/jpeg